000 01230cam a2200313 a 4500
005 20150925155010.0
008 010820s1999 rh ab b 001 0 eng
020 _a0797420150
040 _aDLC
_cDLC
_dDLC
_dCO-BoIAVH
041 0 _aeng
044 _axxu
082 0 4 _a630.968
_bM16e
245 0 0 _aEcoagriculture :
_binitiatives in eastern and southern Africa /
_cJ.F. Devlin and T. Zettel, editors.
260 _aAvondale, Harare, Zimbabwe :
_bWeaver Press,
_c1999.
300 _axii, 348 páginas :
_bilustraciones, mapas y tablas ;
_c22 cm.
490 1 _aEnvironmental round table series
500 _a"University of Guelph."
500 _a"Proyecto de Mejoramiento de la Capacidad Ambiental"--P. facing t.p. verso.
504 _aIncluye referencias bibliográficas e índices.
650 0 _aAgricultura
_zAfrica, Oriental.
650 0 _aAgricultura
_zAfrica, del Sur.
650 0 _aEcología Agricola
_zAfrica, Oriental.
650 0 _aEcología Agrícola
_zAfrica, Sur.
700 1 _aDevlin, John F.
700 1 _aZettel, T.
_q(Ted)
710 2 _aUniversity of Guelph.
710 2 _aProyecto de Mejoramiento de la Capacidad Ambiental.
942 _2ddc
_cLIBRO
999 _c5030
_d5030